Mou-te! [Recurs electrònic] : activa't sense riscos activa't sense riscos
Publicado:
Barcelona :
Diputació de Barcelona. [Àrea d'Esports i Àrea de Salut Pública i Consum: Creu Roja ,
2010
Descripción Física:
1 disc òptic (CD-ROM) ; 12 cm
MARC
| LEADER | 00000nam a2200000Ia 4500 | ||
|---|---|---|---|
| 001 | 23200 | ||
| 008 | 160829s2010 xx 000 0 cat d | ||
| 080 | |a CD-1-186 | ||
| 245 | |a Mou-te! [Recurs electrònic] : |b activa't sense riscos | ||
| 260 | |a Barcelona : |b Diputació de Barcelona. [Àrea d'Esports i Àrea de Salut Pública i Consum: |b Creu Roja, |c 2010 | ||
| 300 | |a 1 disc òptic (CD-ROM) ; |c 12 cm | ||
| 590 | |a Requeriments del sistema: Windows XP i Windows Vista. 70 MB d'espai de disc dur. Memòria RAM 512 MB. Processador Pentium IV. Programari: Adobe Reader 7 | ||
| 650 | |a Primers auxilis |x Ensenyament |9 46450 | ||
| 650 | |a Esports |9 34364 | ||
| 710 | |a Barcelona (Catalunya : Província). |b Àrea de Salut Pública i Consum |9 7348 | ||
| 710 | |a Barcelona (Catalunya : Província). |b Àrea d'Esports |9 53827 | ||
| 710 | 2 | |a Creu Roja Espanyola. |b Assemblea Provincial de Barcelona |9 56190 | |
| 901 | |a Arxiu | ||
| 942 | |n 1 | ||
| 952 | |0 0 |1 0 |4 0 |6 CD1186 |7 1 |9 53231 |a Arxiu |b Arxiu |d 2016-12-01 |l 0 |o CD-1-186 |p 23200 |r 2016-12-01 00:00:00 |w 2016-12-01 |y ARXIU | ||
| 999 | |c 57080 |d 57080 | ||